000 005920000a22002050004500
003 LK-CoMWRAF
005 20231122151234.0
008 230817t1989 ||||| |||| 00| 0 eng d
020 _a9555990204
040 _aLK-CoMWRAF
_dLK-CoMWRAF
_eLK-CoMWRAF
041 _aeng
082 _a363.31
_bIVA
100 _aIvan, Victor
245 _aSri Lanka in crisis:
_broad to conflict
260 _aRatmalana:
_bSarvodaya,
_c1989
300 _axiv, 94 p. ; 22 cm.
_bBibliography included
650 _a Sri Lanka--Politics and government
650 _a Sri Lanka--Economic conditions
942 _cBK
999 _c2508
_d2508